LEADER 01112nam a2200241 i 4500 001 000000219390 003 CaOOAMICUS 005 20260107162648.0 008 130322s1991 it u000 u mul u 040 $aSeMil$bita 245 10$aMessale romano :$ble orazioni proprie del tempo /$ca cura di Maria Francesca Teresa Lovato. 260 $aReggio Emilia :$bEdizioni San Lorenzo,$cpref. 1991. 300 $aVIII, 462 p. ;$c17 cm. 500 $aIn mezzo al front.: nuova versione con testo latino e fonti 546 $aTesti in italiano e latino 650 4$aLibri liturgici - Messale romano - Propri delle Messe.$0(OLS)http://semarc/subject/59210 700 1 $aLovato, Maria Francesca Teresa.$0(OLS)http://semarc/name/4490 850 $aSeMil 852 $aSeMil$W1$xVenegono$y1$m3KK III 23$j265914$B169751$CSeMilBibl$Z2$F180836 $81 961 $aOmaggio: Tremolada don Pierantonio 996 $6245$aMessale romano :$ble orazioni proprie del tempo$9(OLS)http://semarc/title/314775 996 $6260$aReggio Emilia :$bEdizioni San Lorenzo$9(OLS)http://semarc/publisher/33336 LEADER 01428nam a2200313 i 4500 001 000000231466 003 CaOOAMICUS 005 20140730000000.0 008 140730s2014 it u000 u ita u 013 $a210369 020 $a978-88-209-9345-0 040 $aSeMil$bita 100 0 $aFranciscus I,$c.$0(OLS)http://semarc/name/2737 245 10$aApriamoci alla luce del Signore :$b[discorsi] dal 5 marzo al 29 giugno 2014 /$c[Papa Francesco]. 260 $aCittą del Vaticano :$bLibreria Editrice Vaticana,$c2014. 300 $a149 p. ;$c21 cm. 490 0 $aLe parole di Papa Francesco 650 4$aFrancesco I - Scritti, discorsi, omelie, lettere pastorali, etc.$0(OLS)http://semarc/subject/44574 830 3$aLe parole di Papa Francesco.$0(OLS)http://semarc/title/40011 850 $aSeMil 852 $aSeMil$W1$xVenegono$y1$m2A II 535$j181812$B181812$CSeMilBibl$Z2$F192633 $81 900 1 $aBergoglio, Jorge Mario,$d<1936-2025>. 900 0 $aFrancesco I$c. 961 $aOmaggio: Ferraris, Alberto 996 $6020$a978-88-209-9345-0$9(OLS)http://semarc/number/234704 996 $6245$aApriamoci alla luce del Signore :$b[discorsi] dal 5 marzo al 29 giugno 2014$9(OLS)http://semarc/title/330539 996 $6260$aCittą del Vaticano :$bLibreria Editrice Vaticana$9(OLS)http://semarc/publisher/29734